Cargese lectures in physics (Record no. 5476)

MARC details
000 -LEADER
fixed length control field 00601nam a2200193Ia 4500
003 - CONTROL NUMBER IDENTIFIER
control field IN-BaIIA
008 - FIXED-LENGTH DATA ELEMENTS--GENERAL INFORMATION
fixed length control field 211028s9999 xx 000 0 eng d
020 ## - INTERNATIONAL STANDARD BOOK NUMBER
International Standard Book Number 0-677-15320-1
040 ## - CATALOGING SOURCE
Transcribing agency IIA Library
080 ## - UNIVERSAL DECIMAL CLASSIFICATION NUMBER
Universal Decimal Classification number 524.83
Item number CAR
245 #0 - TITLE STATEMENT
Title Cargese lectures in physics
Remainder of title vol. 6
Statement of responsibility, etc. edited by Evry Schatzman
260 ## - PUBLICATION, DISTRIBUTION, ETC.
Place of publication, distribution, etc. New York
Name of publisher, distributor, etc. Gordon and Breach Science
Date of publication, distribution, etc. 1973
300 ## - PHYSICAL DESCRIPTION
Extent vii, 731p.
650 ## - SUBJECT ADDED ENTRY--TOPICAL TERM
Topical term or geographic name entry element Astronomy and astrophysics thesaurus
650 ## - SUBJECT ADDED ENTRY--TOPICAL TERM
Topical term or geographic name entry element Cosmology
650 ## - SUBJECT ADDED ENTRY--TOPICAL TERM
Topical term or geographic name entry element Relativistic cosmology
9 (RLIN) 6459
700 ## - ADDED ENTRY--PERSONAL NAME
Personal name Schatzman, Evry., ed.
9 (RLIN) 9512
942 ## - ADDED ENTRY ELEMENTS (KOHA)
Koha item type Books
952 ## - LOCATION AND ITEM INFORMATION (KOHA)
-- 42.30
Holdings
Withdrawn status Lost status Damaged status Not for loan Home library Current library Shelving location Date acquired Total Checkouts Full call number Barcode Date last seen Price effective from Koha item type
        IIA Library-Bangalore IIA Library-Bangalore General Stacks 10/05/1977   524.83/ CAR 6123 05/11/2021 10/05/1977 Books

Powered by Koha